CHP Genel Başkanı sayın Deniz Baykal'ın TBMM Grup Genel Kurulu 29. birleşiminde yaptığı konuşma (Record no. 8680)
[ view plain ]
| 000 -BAŞLIK | |
|---|---|
| Sabit Uzunlukta Kontrol Alanı | 01143na a2200313 4500 |
| 001 - KONTROL NUMARASI | |
| Denetim Alanı | 17889 |
| 003 - KONTROL NUMARASI IDENTIFIER | |
| Denetim Alanı | MIRAKIL |
| 005 - SON İŞLEM TARİHİ VE ZAMANI | |
| Denetim Alanı | 20181213155220.0 |
| 008 - SABİT-BOY VERİ ELEMANLARI - GENEL BİLGİLER | |
| Sabit Uzunlukta Kontrol Alanı | 161107b tu 000 0 |
| 035 ## - SİSTEM KONTROL NUMARASI | |
| Sistem Kontrol Numarası | 17889 |
| 040 ## - KATALOGLAMA KAYNAK | |
| Orijinal Kataloglama Ajansı | Milas |
| Kataloglama Dili | tur |
| Metne Dönüştürmek Ajansı | TR-AnCHP |
| 041 ## - DİL KODU | |
| Metin / Ses Parça Veya Ayrı Başlığın Dil Kodu | tur |
| 082 ## - DEWEY ONLU SINIFLANDIRMA NUMARASI | |
| Sınıflandırma Numarası | CHP 324.2372 |
| Ürün Numarası | C36c 1998 |
| 090 ## - SINIFLAMA NUMARASI | |
| Sınıflama Numarası | CHP 324.2372 C36c 1998 |
| 110 ## - ANA GİRİŞ - KURUMSAL ADI | |
| Giriş Elemanı Olarak Kurumsal Ad Veya Yargı Alanı Adı | Cumhuriyet Halk Partisi (CHP) |
| 245 ## - BAŞLIK TABLOSU | |
| Başlık | CHP Genel Başkanı sayın Deniz Baykal'ın TBMM Grup Genel Kurulu 29. birleşiminde yaptığı konuşma |
| Başlığın Kalan | 2 Haziran 1998, Ankara |
| Sorumluluk Tablosu, Vb | Cumhuriyet Halk Partisi |
| 260 ## - YAYIN, DAĞITIM, VB | |
| Yayın, Dağıtım, Vb Yeri | Ankara |
| Yayıncı, Dağıtıcı, Vs Adı | CHP |
| Yayın, Dağıtım, Vb Tarihi | [1998] |
| 300 ## - FİZİKSEL TANIM | |
| Kapsam | 8 s. |
| Boyutlar | 30 sm. |
| 490 ## - SERİSİ TABLOSU | |
| Seri Beyanı | Cumhuriyet Halk Partisi yayınları |
| 500 ## - GENEL NOT | |
| Genel Not | Dış kapakta yapıt adı üstünde: Dünyada Yeni Sol, Türkiye'de yeni CHP |
| 500 ## - GENEL NOT | |
| Genel Not | Dış kapakta adı : "CHP : Değişimin gücü" |
| 600 ## - KONU KATMA GİRİŞ - KURUMSAL ADI | |
| Kişisel Ad | Baykal, Deniz |
| Başlıklar Ve Bir Adla İlişkili Diğer Kelimeler | CHP Genel Başkanı |
| Genel Alt Bölümü | Grup konuşmaları |
| 610 ## - KONU KATMA GİRİŞ - TOPLANTI ADI | |
| Giriş Elemanı Olarak Kurumsal Ad Veya Yargı Alanı Adı | Cumhuriyet Halk Partisi |
| 651 ## - KONU KATMA GİRİŞ - COĞRAFİ ADI | |
| Coğrafi İsim | Türkiye |
| Genel Alt Bölümü | Siyaset ve yönetim |
| Kronolojik Alt Bölümü | 1995-1999 |
| 740 ## - KATMA GİRİŞ - KONTROLSUZ İLGİLİ / ANALİTİK BAŞLIK | |
| Kontrol Edilmeyen / İlgili Analitik Başlıktaki | Dünyada Yeni Sol, Türkiye'de yeni CHP |
| 740 ## - KATMA GİRİŞ - KONTROLSUZ İLGİLİ / ANALİTİK BAŞLIK | |
| Kontrol Edilmeyen / İlgili Analitik Başlıktaki | CHP : Değişimin gücü |
| 830 ## - SERİSİ EKLENDİ GİRİŞ - ÜNİFORM ADI | |
| Üniforma Başlık | CHP yayınları |
| 942 ## - EKLENDİ GİRİŞ ELEMANLARI (KOHA) | |
| Sınıflandırma Veya Raf Düzeni Kaynak | |
| Koha Öğesi Türü | Books |
| 999 ## - SİSTEM KONTROL NUMARALARI (KOHA) | |
| Koha Biblionumber | 8680 |
| Koha Biblioitemnumber | 8680 |
| Kalıcı Konum | Mevcut Konum | Edinme Tarihi | Edinim Kaynak | Toplam Check-Out'Lar | Tam Çağrı Numarası | Barkod | Tarih Son Görülme | İtibaren Geçerli Fiyatlar | Koha Öğesi Türü | Kopya Sayısı |
|---|---|---|---|---|---|---|---|---|---|---|
| CHP Kütüphanesi | CHP Kütüphanesi | 11/07/2016 | Bağış | CHP 324.2372 C36c 1998 | 009194 | 11/07/2016 | 11/07/2016 | Books | ||
| CHP Kütüphanesi | CHP Kütüphanesi | 11/07/2016 | Bağış | CHP 324.2372 C36c 1998 | 009195 | 11/07/2016 | 11/07/2016 | Books | k.2 | |
| CHP Kütüphanesi | CHP Kütüphanesi | 11/07/2016 | Bağış | CHP 324.2372 C36c 1998 | 009196 | 11/07/2016 | 11/07/2016 | Books | k.3 | |
| CHP Kütüphanesi | CHP Kütüphanesi | 11/07/2016 | Bağış | CHP 324.2372 C36c 1998 | 009197 | 11/07/2016 | 11/07/2016 | Books | k.4 | |
| CHP Kütüphanesi | CHP Kütüphanesi | 11/07/2016 | Bağış | CHP 324.2372 C36c 1998 | 009198 | 11/07/2016 | 11/07/2016 | Books | k.5 |
